00508cam a2200157 a 4500008004100000020001500041035001200056050002100068100003100089245007900120260005400199300002100253440001900274504003100293651002600324021111s1997 mx 000 0 spa u a9681649893 aa40534000aF1543 bP47 19971 aPérez Brignoli, Héctor10aBreve historia contemporánea de Costa Rica /cHéctor Pérez Brignoli. aMéxico :bFondo de Cultura Económica, c1997. a240 p. ;c17 cm. 0aPopular ;v534 aBibliografía: p. 221-237 4aCosta Rica xHistoria